Library Banner

Leaders (Record no. 129889)

MARC details
000 -LEADER
fixed length control field 00570nam a2200217Ia 4500
001 - CONTROL NUMBER
control field 2222
003 - CONTROL NUMBER IDENTIFIER
control field PK-LaUMT
005 - DATE AND TIME OF LATEST TRANSACTION
control field 20221223111934.0
008 - FIXED-LENGTH DATA ELEMENTS--GENERAL INFORMATION
fixed length control field 140314s9999 xx 000 0 und d
020 ## - INTERNATIONAL STANDARD BOOK NUMBER
International Standard Book Number 0060913363
040 ## - CATALOGING SOURCE
Transcribing agency PK-LaUMT
082 ## - DEWEY DECIMAL CLASSIFICATION NUMBER
Classification number 658.409
Item number BEN-L
100 ## - MAIN ENTRY--PERSONAL NAME
Personal name Burt Nanus
245 ## - TITLE STATEMENT
Title Leaders
Remainder of title the strategies for taking charge
Statement of responsibility, etc Burt Nanus<>Warren Bennis
260 ## - PUBLICATION, DISTRIBUTION, ETC. (IMPRINT)
Place of publication, distribution, etc New York,USA:
Name of publisher, distributor, etc Harper & Row Publishers,
Date of publication, distribution, etc 1986
300 ## - PHYSICAL DESCRIPTION
Extent 244 p.
546 ## - LANGUAGE NOTE
Language note EN
650 ## - SUBJECT ADDED ENTRY--TOPICAL TERM
Topical term or geographic name as entry element Executive ability
700 ## - ADDED ENTRY--PERSONAL NAME
Personal name Warren Bennis
942 ## - ADDED ENTRY ELEMENTS (KOHA)
Koha item type Stocktaking Record 2003
Source of classification or shelving scheme Dewey Decimal Classification
Holdings
Withdrawn status Lost status Source of classification or shelving scheme Damaged status Not for loan Home library Current library Date acquired Total Checkouts Full call number Barcode Date last seen Price effective from Koha item type
    Dewey Decimal Classification     UMT Main Campus UMT Main Campus 2022-12-23   658.409 BEN-L 15522 2022-12-23 2022-12-23 Stocktaking Record 2003